Bebés Prematuros. (Registro nro. 239)

Detalles MARC
000 -LEADER
fixed length control field 00926 am a2200253 a 4500
005 - FECHA ULTIMA MODIFICACION
control field 20240520122013.0
008 - CAMPO DE CONTROL (LIBRO)
fixed length control field 100407s2006||||ag a f |||| 000 0 spa d
020 ## - INTERNATIONAL STANDARD BOOK NUMBER
ISBN 9872309221
041 ## - CODIGO DE IDIOMA
Código de idioma del texto/pista de sonido o título separado spa
092 ## - SIGNATURA TOPOGRAFICA DEWEY LOCAL
número de clasificación 618.92
libristica 75
sección ROD
100 1# - ENTRADA PRINCIPAL--NOMBRE PERSONAL
Nombre personal Rodríguez, Diana C.
9 (RLIN) 299
245 ## - TITULO PROPIAMENTE DICHO
Título Bebés Prematuros.
Subtítulo y Título paralelo Sus días en neonatología. Llegada a la casa. El seguimiento /
Mención de responsabilidad y remanente de la transcripción de la portada Diana C. Rodríguez
250 ## - MENCION DE EDICION
Mención de edición 1a ed.
260 ## - PIE DE IMPRENTA
Lugar de publicación, distribución, etc Buenos Aires:
Nombre de la editorial, distribuidor, etc delhospital ediciones;
Fecha de publicación 2006.
300 ## - DESCRIPCION FISICA
Extension 123 p.
Dimensiones 19x15 cm.
500 ## - NOTA GENERAL
Nota general Rodríguez, D. C. y Ceriani Cernadas, J. M. (2006). Bebés Prematuros. Sus días en neonatología. Llegada a la casa. El seguimiento. (1a ed.). Buenos Aires : delhospital ediciones.
590 ## - NOTAS LOCALES (RLIN)
Nota local Donación Hospital Italiano, 2007
653 ## - TÉRMINO INDIZADO - PALABRAS CLAVES
Palabra clave Pediatría
653 ## - TÉRMINO INDIZADO - PALABRAS CLAVES
Palabra clave Bebes prematuros
653 ## - TÉRMINO INDIZADO - PALABRAS CLAVES
Palabra clave Neonatología
700 1# - ENTRADAS SECUNDARIAS - NOMBRE PERSONAL
Nombre personal Ceriani Cernadas, José M.
9 (RLIN) 300
930 ## - NUMERO DE INVENTARIO
Número de inventario 1853
942 ## - ADDED ENTRY ELEMENTS (KOHA)
Source of classification or shelving scheme Dewey Decimal Classification
Item type Libros
Existencias
Estado de retiro Existencia Estado general No para prestamo Ubicación permanente ubicación actual Sala de ubicación Fecha de adquisición Total Checkouts Número de clasificación Código de barras Date last seen Date last borrowed Número de ejemplar Price effective from Koha tipo de elemento (item)
        Biblioteca Medicina Biblioteca Medicina Circulación 13/05/2011 1 618.92 75 ROD 1853 06/11/2014 14/05/2012 ej.1 13/05/2011 Libros

UNIVERSIDAD NACIONAL DEL COMAHUE
Biblioteca de la Facultad de Ciencias Médicas
Sede Toschi: Los Arrayanes y Av. Toschi, Cipolletti  - Rio Negro
Sede Los Tordos:  Yrigoyen al 2211, Cipolletti - Rio Negro 

Teléfono: 0299 - 4774707 int 25
Contacto: biblioteca@facimed.uncoma.edu.ar
© 2011 - 2026